000 00307 a2200145 4500
001 171745
020 _a
040 _cMagnum
100 _a-
240 1 0 _aNegrinho do pastoreio/edelbra
_lpor
245 1 0 _aNegrinho do pastoreio/edelbra
362 0 _a1899
697 _aI/LENDAS, FOLCLORE
942 _cBK
999 _c171745
_d171745